| 000 | 00564nam a2200217Ia 4500 | ||
|---|---|---|---|
| 005 | 20260429112124.0 | ||
| 008 | 260429s9999||||xx |||||||||||||| ||und|| | ||
| 020 | _a9781032808680 | ||
| 041 | _aEnglish | ||
| 082 |
_a160 _bHUG |
||
| 100 | _aHughes, G. E. | ||
| 245 | 0 |
_aElements of formal logic / _cG. E. Hughes |
|
| 250 | _a1st ed. | ||
| 260 |
_aLondon : _bRoutledge, _c2025. |
||
| 300 | _axii, 398 p.; pbk | ||
| 440 | _aRoutledge library editions : logic, Vol. 12 | ||
| 650 | _a Elements | ||
| 650 | _aLogic | ||
| 700 | _a Londey, D. G. | ||
| 942 | _cTB | ||
| 999 |
_c52461 _d52461 |
||